| 000 | 01062cam a2200229 4500 | ||
|---|---|---|---|
| 001 | WB3812-14 | ||
| 008 | 020403n2002 000 0 eng u | ||
| 035 | _a(Sirsi) u117334 | ||
| 245 | _aDTLR publish 'Empty Homes' report | ||
| 260 | _c2002 | ||
| 490 |
_aUrban Environment Today _v(143) 21 March 2002, 3 |
||
| 490 |
_aRegeneration and Renewal _v22 March 2002, 3(2) |
||
| 520 | _aA DTLR committee published a report on Empty Homes on 20 March 2002. It recommends local authorities and regional development agencies make conurbation-wide interventions to address the large volume of empty homes across the country in preference to tightly focussed initiatives. Full report available at:- http://www.publications.parliament.uk/pa/cm200102/cmselect/cmtlgr/240/24002.htm or from The Stationery Office t 0870 600 5522. | ||
| 590 | _aWB | ||
| 650 | _aREGIONAL DEVELOPMENT AGENCIES | ||
| 650 | _aEMPTY HOMES | ||
| 650 | _aURBAN REGENERATION | ||
| 650 | _aGREENFIELD DEVELOPMENT | ||
| 650 | _aHOUSING MARKET | ||
| 690 | _aHOUSING-DEVELOPMENT | ||
| 942 | _n0 | ||
| 999 |
_c69902 _d69902 |
||